Matematika II /

Main Author: Kolda, Stanislav, 1930-1998
Corporate Author: Univerzita Pardubice. Katedra matematiky
Other Authors: Machačová, Ludmila
Language: Czech
Published: Pardubice : Univerzita Pardubice, 2003
Edition: Vyd. 8.
Online Access: Digitalizovaný dokument
Physical Description: 108 s. : il. ; 30 cm
Book
Saved in:
LEADER 01757nam a2200421 a 4500
001 000669517
003 CZ BrMZK
005 20070316142541.0
007 ta
008 030512s2003 xr a e p 000 0 cze d
015 |a cnb001240967 
020 |a 80-7194-526-9  |q (brož.) 
035 |a (OCoLC)53261839 
040 |a BOA001  |b cze 
072 7 |a 517  |x Matematická analýza  |2 Konspekt  |9 13 
072 7 |a 37.016  |x Učební osnovy. Vyučovací předměty. Učebnice  |2 Konspekt  |9 22 
080 |a 517.91  |2 MRF 
080 |a 517.3  |2 MRF 
080 |a 517.2  |2 MRF 
080 |a (075.8)  |2 MRF 
100 1 |a Kolda, Stanislav,  |d 1930-1998  |7 jk01061315  |4 aut 
245 1 0 |a Matematika II /  |c Stanislav Kolda, Ludmila Machačová 
250 |a Vyd. 8. 
260 |a Pardubice :  |b Univerzita Pardubice,  |c 2003 
300 |a 108 s. :  |b il. ;  |c 30 cm 
500 |a 500 výt. 
500 |a Nad názvem: Univerzita Pardubice, Fakulta ekonomicko správní, Katedra matematiky 
521 |a Určeno pro posluchače chemicko-technologické a dopravní fakulty Univerzity Pardubice 
650 0 7 |a obyčejné diferenciální rovnice  |7 ph123625  |2 czenas 
650 0 7 |a integrální počet funkcí více proměnných  |7 ph135784  |2 czenas 
650 0 7 |a diferenciální počet funkcí více proměnných  |7 ph135786  |2 czenas 
655 7 |a učebnice vysokých škol  |7 fd133772  |2 czenas 
700 1 |a Machačová, Ludmila  |7 jn20001005605  |4 aut 
710 2 |a Univerzita Pardubice.  |b Katedra matematiky  |7 kn20020419012 
856 4 1 |u http://www.digitalniknihovna.cz/mzk/uuid/uuid:3a48c9b0-a8b2-11e2-b6da-005056827e52  |y Digitalizovaný dokument  |x NDK 
910 |a BOA001  |b 3-1117.502 
990 |a BK 
996 6 |b 2610188573  |c 3-1117.502  |l MZK  |r Sklad / do 1 hodiny  |n 0  |p p.v.  |w 000669517  |u 000010  |a 1  |e BOA001  |j MZK50  |s P